000
00314nam a22001457a 4500
008
211011b ||||| |||| 00| 0 eng d
020
_a
9780199812998
041
_a
eng
080
_a
101
082
_a
101
100
_a
24
101
_a
FIL
245
_a
Introduction to Philosophy
_c
Perry,J
942
_2
udc
_c
BK
999
_c
58128
_d
58128